[Event "Remote-ch Class3 email"]
[Site "Remote email"]
[Date "2013.04.01"]
[Round "?"]
[White "Leisebein, Peter"]
[Black "Feist Verhoeven, Aaron"]
[Result "0-1"]
[WhiteElo "2447"]
[BlackElo "2521"]
[PlyCount "96"]
[EventDate "2013.??.??"]
[EventType "tourn (corr)"]
[EventRounds "6"]
[EventCountry "GER"]
[SourceTitle "Corr 2015"]
[Source "ChessBase"]
[SourceDate "2015.07.17"]
[SourceVersion "1"]
[SourceVersionDate "2015.07.17"]
[SourceQuality "1"]

1. d4 Nf6 2. f3 d5 3. e4 dxe4 4. Nc3 exf3 5. Nxf3 g6 6. Bg5 Bg7 7. Qd2 0-0 8. 0-0-0 c5 9. d5 Nbd7 10. h4 Nb6 11. Be2 Ng4 12. h5 Nf2 13. Bh6 Bf6 14. hxg6 fxg6 15. Bxf8 Qxf8 16. Ng5 Be5 17. Nxh7 Qf4 18. Qxf4 Bxf4+ 19. Kb1 Bf5 20. Rhf1 Nxd1 21. Bxd1 Be3 22. g4 Nc4 23. Rh1 Bd7 24. Rh3 Nd2+ 25. Kc1 Nf3+ 26. Kb1 Bxg4 27. Rg3 Kxh7 28. Rxg4 Nd2+ 29. Ka1 g5 30. Ne4 Kg6 31. Nxd2 Bxd2 32. Rg2 Bf4 33. Bg4 Rh8 34. a4 Rh4 35. Kb1 Rxg4 36. Rxg4 Kf5 37. Rg1 g4 38. Re1 g3 39. Rxe7 g2 40. Re1 Kg4 41. Ka2 c4 42. b3 Bh2 43. bxc4 g1Q 44. Rxg1+ Bxg1 45. d6 Kf5 46. d7 Bb6 47. c5 Bd8 48. Kb3 Ke6 0-1

[Event "Remote-ch Class3 email"]
[Site "Remote email"]
[Date "2013.04.01"]
[Round "?"]
[White "Markus, Roland"]
[Black "Feist Verhoeven, Aaron"]
[Result "1/2-1/2"]
[WhiteElo "2459"]
[BlackElo "2498"]
[PlyCount "49"]
[EventDate "2013.??.??"]
[EventType "tourn (corr)"]
[EventRounds "6"]
[EventCountry "GER"]
[SourceTitle "Corr 2015"]
[Source "ChessBase"]
[SourceDate "2015.07.17"]
[SourceVersion "1"]
[SourceVersionDate "2015.07.17"]
[SourceQuality "1"]

1. e4 c5 2. c3 Nf6 3. e5 Nd5 4. d4 cxd4 5. Nf3 Nc6 6. cxd4 d6 7. Bc4 Nb6 8. Bb5 dxe5 9. Nxe5 Bd7 10. Nxd7 Qxd7 11. Nc3 e6 12. 0-0 Rc8 13. Be3 a6 14. Be2 Nb4 15. Qb3 Be7 16. Bg5 0-0 17. Bxe7 Qxe7 18. a3 N4d5 19. Rac1 Rfd8 20. Ne4 Rc7 21. Rc5 Rcd7 22. Bf3 Nc8 23. Rcc1 Na7 24. Rfd1 g6 25. g3 1/2-1/2

[Event "Paulinares Memorial email"]
[Site "Remote email"]
[Date "2012.10.01"]
[Round "?"]
[White "Bauer, Robert"]
[Black "Feist Verhoeven, Aaron"]
[Result "1/2-1/2"]
[WhiteElo "2608"]
[BlackElo "2486"]
[PlyCount "91"]
[EventDate "2012.??.??"]
[EventType "tourn (corr)"]
[EventRounds "11"]
[EventCountry "GER"]
[SourceTitle "Corr 2015"]
[Source "ChessBase"]
[SourceDate "2015.07.17"]
[SourceVersion "1"]
[SourceVersionDate "2015.07.17"]
[SourceQuality "1"]

1. d4 d5 2. c4 c6 3. Nc3 Nf6 4. Nf3 e6 5. Bg5 h6 6. Bh4 dxc4 7. e4 g5 8. Bg3 b5 9. Ne5 Bb7 10. h4 Rg8 11. hxg5 hxg5 12. Qf3 Nbd7 13. Nxf7 Kxf7 14. e5 Rg6 15. exf6 Qxf6 16. Qe3 Qf5 17. 0-0-0 Nf6 18. f3 g4 19. Ne4 Nd5 20. Qd2 Rd8 21. a3 gxf3 22. gxf3 Rxg3 23. Nxg3 c3 24. Qh2 Qf4+ 25. Kb1 Bg7 26. Qh5+ Kf8 27. Ne2 Qe3 28. Nxc3 Nxc3+ 29. bxc3 Qxc3 30. Rd3 Qe1+ 31. Kc2 Rxd4 32. Qc5+ Kg8 33. Rxd4 Qf2+ 34. Kb3 Qxd4 35. Qxd4 Bxd4 36. Rh4 Bf6 37. Rh6 Kf7 38. Rh7+ Bg7 39. Kb4 Bc8 40. Bd3 Bd7 41. Ka5 Kf6 42. Ka6 Be8 43. Kxa7 c5 44. Kb6 c4 45. Be4 Bf8 46. Ra7 1/2-1/2

[Event "Paulinares Memorial email"]
[Site "Remote email"]
[Date "2012.10.01"]
[Round "?"]
[White "Feist Verhoeven, Aaron"]
[Black "Boehme, Sebastian"]
[Result "1/2-1/2"]
[WhiteElo "2486"]
[BlackElo "2547"]
[PlyCount "54"]
[EventDate "2012.??.??"]
[EventType "tourn (corr)"]
[EventRounds "11"]
[EventCountry "GER"]
[SourceTitle "Corr 2015"]
[Source "ChessBase"]
[SourceDate "2015.07.17"]
[SourceVersion "1"]
[SourceVersionDate "2015.07.17"]
[SourceQuality "1"]

1. d4 Nf6 2. c4 g6 3. Nc3 d5 4. cxd5 Nxd5 5. e4 Nxc3 6. bxc3 Bg7 7. Bc4 c5 8. Ne2 0-0 9. 0-0 Nc6 10. Be3 cxd4 11. cxd4 Na5 12. Bd3 b6 13. Rc1 e6 14. Qa4 Bd7 15. Qb4 Bc6 16. Rc3 Qd7 17. Rfc1 Rfc8 18. Bf4 Bf8 19. Qb1 b5 20. h4 b4 21. R3c2 Bb7 22. Rc7 Qa4 23. h5 Rxc7 24. Rxc7 Rc8 25. Rxc8 Bxc8 26. Be3 b3 27. axb3 Qxb3 1/2-1/2

[Event "Remote S7 Top 63 email"]
[Site "Remote email"]
[Date "2012.09.13"]
[Round "?"]
[White "Heinrich, Olaf Wittmund"]
[Black "Feist Verhoeven, Aaron"]
[Result "1/2-1/2"]
[WhiteElo "2444"]
[BlackElo "2483"]
[PlyCount "44"]
[EventDate "2012.??.??"]
[EventType "tourn (corr)"]
[EventRounds "6"]
[EventCountry "GER"]
[SourceTitle "Corr 2015"]
[Source "ChessBase"]
[SourceDate "2015.07.17"]
[SourceVersion "1"]
[SourceVersionDate "2015.07.17"]
[SourceQuality "1"]

1. d4 Nf6 2. Nf3 e6 3. e3 c5 4. c3 b6 5. Bd3 Bb7 6. Nbd2 d5 7. 0-0 Be7 8. Re1 0-0 9. e4 cxd4 10. Nxd4 dxe4 11. Nxe4 Nxe4 12. Bxe4 Bxe4 13. Rxe4 Qd5 14. Qe2 Rd8 15. Re5 Qd7 16. Bg5 Bxg5 17. Rxg5 Nc6 18. Rg4 Ne7 19. Nf3 Qd3 20. Qxd3 Rxd3 21. Re1 Nc6 22. Rc4 Rd6 1/2-1/2

[Event "Remote S7 Top 63 email"]
[Site "Remote email"]
[Date "2012.07.13"]
[Round "?"]
[White "Feist Verhoeven, Aaron"]
[Black "Pirs, Matjaz"]
[Result "0-1"]
[WhiteElo "2483"]
[BlackElo "2574"]
[PlyCount "98"]
[EventDate "2012.??.??"]
[EventType "tourn (corr)"]
[EventRounds "6"]
[EventCountry "GER"]
[SourceTitle "Corr 2015"]
[Source "ChessBase"]
[SourceDate "2015.07.17"]
[SourceVersion "1"]
[SourceVersionDate "2015.07.17"]
[SourceQuality "1"]

1. b4 e5 2. a3 d5 3. Bb2 Nd7 4. e3 Ngf6 5. c4 a5 6. c5 g6 7. Nf3 e4 8. Nd4 Bg7 9. h3 Ne5 10. Be2 0-0 11. Nc3 Nh5 12. Qb3 axb4 13. axb4 Rxa1+ 14. Bxa1 c6 15. b5 Qh4 16. bxc6 bxc6 17. Nd1 Bd7 18. Qb7 Qd8 19. Bc3 Qa8 20. Qxa8 Rxa8 21. Nc2 f5 22. 0-0 f4 23. Bxh5 gxh5 24. exf4 Nd3 25. Bxg7 Kxg7 26. Nc3 Nxf4 27. Ra1 Rxa1+ 28. Nxa1 h4 29. Nb3 Kf6 30. Na4 Ke5 31. Nb6 Be8 32. Kf1 Nd3 33. Kg1 Nb4 34. Kf1 Bf7 35. Nd7+ Ke6 36. Nb8 Ke7 37. Na5 Be8 38. Nb7 d4 39. Kg1 Bf7 40. Kh2 Bc4 41. g3 hxg3+ 42. Kxg3 Bd5 43. h4 h5 44. Kf4 Nd3+ 45. Kg3 Ne5 46. Na5 d3 47. Kf4 Kf6 48. Ke3 Kf5 49. Na6 Ng4+ 0-1